[Event "Catalunya-ch U14"]
[Site "Sabadell"]
[Date "2010.01.23"]
[Round "2"]
[White "Vilasaro Ruiz, Laia"]
[Black "Guillamon Toro, Oscar"]
[Result "0-1"]
[WhiteElo "1700"]
[BlackElo "1700"]
[PlyCount "58"]
[EventDate "2010.01.16"]
[EventType "swiss"]
[EventRounds "6"]
[EventCountry "ESP"]
[SourceTitle "EXT 2024"]
[Source "ChessBase"]
[SourceDate "2023.10.10"]
[SourceVersion "1"]
[SourceVersionDate "2023.10.10"]
[SourceQuality "1"]

1. e4 e5 2. Nf3 Nc6 3. Bc4 f6 4. h4 d6 5. Nc3 Nh6 6. Rg1 Nd4 7. Rf1 Ng4 8. d3 Bd7 9. Qd2 b5 10. Bd5 c6 11. Bb3 Nxf3+ 12. gxf3 Nh2 13. Qe2 Bh3 14. Rh1 b4 15. Rxh2 Bd7 16. Na4 d5 17. exd5 cxd5 18. Bxd5 Bxa4 19. Bxa8 Qxa8 20. b3 Bb5 21. Bb2 Be7 22. a3 0-0 23. a4 Ba6 24. Bxe5 fxe5 25. Qxe5 Bf6 26. Qc7 Bxa1 27. Rg2 Bc3+ 28. Ke2 Qxf3+ 29. Kf1 Qd1# 0-1